000 00743nas a2200253 4500
001 BR6500175
003 BR-BrBNA
005 20231205082218.0
007 ta
008 230509b bl.|||p| |||| 00| 00por d
040 _aBR-BrBNA
_bpor
_cBiblioteca Nacional de Agricultura
041 _a(Pt)
072 _aF00
100 1 _aGoncalves, P.A.
245 1 _aUm ensaio de azevem na regiao da costa do Golfo do Mexico [Graminea forrageira]
650 _aProducao vegetal
650 _aPastagem
650 _aAzevem
650 _aGraminea forrageira
650 _aMexico
773 0 _tLavoura Arrozeira (Brazil)
_xISSN 0023-9143
_g(Jun 1965), v. 19(219) p. 30
_wBR6500175
909 _a202311
_bLúcia
_c55
_dLúcia Elande
942 _2AGRIS
_n0
_cANA
999 _c90011
_d90011